Handbook of reading research
Wedi'i Gadw mewn:
| Prif Awduron: | , , , |
|---|---|
| Fformat: | Llyfr |
| Iaith: | Saesneg |
| Cyhoeddwyd: |
Mahwah
Lawrence Erlbaum
2000
|
| Pynciau: | |
| Tagiau: |
Ychwanegu Tag
Dim Tagiau, Byddwch y cyntaf i dagio'r cofnod hwn!
|
MARC
| LEADER | 00000nam a2200000 a 4500 | ||
|---|---|---|---|
| 001 | UCJ0535 | ||
| 003 | CL-VaPUC | ||
| 008 | 060811e20000000us |||||||||||||||||eng|d | ||
| 020 | |a 0805823999v.3 | ||
| 082 | 0 | 4 | |a 428 |b BAR |2 21 |
| 100 | 0 | |a Barr, Rebecca |e author |9 500782 | |
| 700 | 0 | |a Kamil, Michael L |e author |9 500783 | |
| 700 | 0 | |a Mosenthal, Peter B |e author |9 500784 | |
| 700 | |a Pearson, P. David |e author |9 500785 | ||
| 245 | 1 | 0 | |a Handbook of reading research |
| 300 | |a v | ||
| 942 | |c BK | ||
| 945 | |d 20060811 00:00:00 |a cmena | ||
| 260 | |a Mahwah |b Lawrence Erlbaum |c 2000 | ||
| 650 | 0 | |a Enseñanza del inglés |9 367340 | |
| 650 | 0 | |a Enseñanza de la lectura |9 308364 | |
| 650 | 0 | |a Métodos de enseñanza |9 270413 | |
| 650 | 0 | |a Investigación lingüística |9 329785 | |
| 999 | |c 317366 |d 317364 | ||
| 583 | |k Rodrigo Vera | ||
| 952 | |0 0 |1 0 |4 0 |6 428_000000000000000_BAR_2000 |7 0 |8 A |9 393689 |a FDOPOS |b FDOPOS |d 2019-11-22 |h v.3 |i 4247140 |o 428 BAR 2000 |p 4247140 |r 2025-01-22 |w 2019-11-22 |y BK |k MLA | ||